000 00681nam a2200217Ii 4500
003 JO-AjNU
008 230606s9999||||xx |||||||||||||| ||und||
020 _a978-0-521-71979-7
040 _aJO-AjNU
_beng
_erda
_cJO-AjNU
041 _aeng
050 1 4 _aP241.L534 2010
100 3 _alieber,Rochelle تأليف,
_eauthor
_92328
245 0 0 _aIntroducing Morphology:Cabridge Introductions to Language And Linguistics
250 _a1 ed
264 3 1 _aNew York:Cambridge University Press,2010
300 _a215p
336 _atext
_btxt
_2rdacontent
337 _aunmediated
_bn
_2rdamedia
338 _avolume
_bnc
_2rdacarrier
650 4 _aIntroducing Morphology-Language
_92329
999 _aE1222
_c1222
_d1222